|
|
|
|
| LEADER |
02631nam a2200625 4500 |
| 001 |
ocn801473742 |
| 003 |
OCoLC |
| 005 |
20170124071706.1 |
| 006 |
m o d |
| 007 |
cr cnu---unuuu |
| 008 |
120724s2012 enk ob 001 0 eng d |
| 040 |
|
|
|a N$T
|b eng
|e pn
|c N$T
|d TEFOD
|d OCLCQ
|d YDXCP
|d OCLCQ
|d DG1
|d NLGGC
|d E7B
|d CDX
|d COO
|d TEFOD
|d OCLCQ
|d EBLCP
|d OCLCO
|d OCLCQ
|d NKT
|d COD
|d DEBBG
|d LOA
|d IDEBK
|d OCLCQ
|d OCLCO
|d OCLCQ
|d OCLCA
|d GrThAP
|
| 019 |
|
|
|a 808345487
|a 808670153
|a 817806935
|a 960200599
|a 961487186
|a 962663644
|
| 020 |
|
|
|a 9781118345481
|q (electronic bk.)
|
| 020 |
|
|
|a 1118345487
|q (electronic bk.)
|
| 020 |
|
|
|a 9781118345467
|q (electronic bk.)
|
| 020 |
|
|
|a 1118345460
|q (electronic bk.)
|
| 020 |
|
|
|a 9781118702772
|q (electronic bk.)
|
| 020 |
|
|
|a 1118702778
|q (electronic bk.)
|
| 020 |
|
|
|a 9781283542326
|q (MyiLibrary)
|
| 020 |
|
|
|a 1283542323
|q (MyiLibrary)
|
| 020 |
|
|
|z 9780470670415
|
| 020 |
|
|
|z 047067041X
|
| 029 |
1 |
|
|a AU@
|b 000051629444
|
| 029 |
1 |
|
|a DEBBG
|b BV040883677
|
| 029 |
1 |
|
|a DEBBG
|b BV043394903
|
| 029 |
1 |
|
|a DKDLA
|b 820120-katalog:000696265
|
| 029 |
1 |
|
|a NZ1
|b 15915579
|
| 029 |
1 |
|
|a NZ1
|b 16052606
|
| 035 |
|
|
|a (OCoLC)801473742
|z (OCoLC)808345487
|z (OCoLC)808670153
|z (OCoLC)817806935
|z (OCoLC)960200599
|z (OCoLC)961487186
|z (OCoLC)962663644
|
| 037 |
|
|
|a 636707E6-2083-48D9-AEA7-E29B61041D97
|b OverDrive, Inc.
|n http://www.overdrive.com
|
| 050 |
|
4 |
|a RC374.K46
|
| 060 |
|
4 |
|a WL 385
|
| 072 |
|
7 |
|a PSY
|x 020000
|2 bisacsh
|
| 082 |
0 |
4 |
|a 616.85/30654
|2 23
|
| 049 |
|
|
|a MAIN
|
| 245 |
0 |
0 |
|a Dietary Treatment of Epilepsy :
|b Practical Implementation of Ketogenic Therapy /
|c edited by Elizabeth Neal.
|
| 264 |
|
1 |
|a Chichester, West Sussex :
|b Wiley-Blackwell,
|c 2012.
|
| 300 |
|
|
|a 1 online resource
|
| 336 |
|
|
|a text
|b txt
|2 rdacontent
|
| 337 |
|
|
|a computer
|b c
|2 rdamedia
|
| 338 |
|
|
|a online resource
|b cr
|2 rdacarrier
|
| 504 |
|
|
|a Includes bibliographical references and index.
|
| 588 |
0 |
|
|a Print version record.
|
| 505 |
0 |
|
|a Section 1. Introduction and overview -- section 2. Clinical implementation -- section 3. Broader applications.
|
| 650 |
|
0 |
|a Epilepsy
|x Diet therapy.
|
| 650 |
|
0 |
|a Ketogenic diet
|x Therapeutic use.
|
| 650 |
|
2 |
|a Epilepsy
|x diet therapy.
|
| 650 |
|
2 |
|a Ketogenic Diet
|x methods.
|
| 650 |
|
7 |
|a PSYCHOLOGY
|x Neuropsychology.
|2 bisacsh
|
| 655 |
|
4 |
|a Electronic books.
|
| 700 |
1 |
|
|a Neal, Elizabeth,
|d 1965-
|
| 776 |
0 |
8 |
|i Print version:
|t Dietary treatment of epilepsy.
|d Chichester, West Sussex : Wiley-Blackwell, 2012
|z 9780470670415
|w (DLC) 2012010604
|w (OCoLC)781366456
|
| 856 |
4 |
0 |
|u https://doi.org/10.1002/9781118702772
|z Full Text via HEAL-Link
|
| 994 |
|
|
|a 92
|b DG1
|